Gares de la ligne TER Paris - Granville - Statistiques

Statistiques générales
  • Ce quiz a été pris 25 fois
    18 depuis la dernière actualisation
  • Le résultat moyen est 17 sur 34
Statistiques - réponses
Département Gare % Correct
Eure-et-Loire (28) Dreux
88%
Manche (50) Granville
88%
Paris (75) Paris Montparnasse / Vaugirard
88%
(61) Argentan
76%
(78) Versailles Chantiers
76%
Orne (61) Flers
71%
Manche (50) Villedieu-les-Poêles
65%
Orne (61) L'Aigle
59%
(78) Saint-Cyr
59%
Calvados (14) Vire
59%
(92) Clamart
53%
(50) Folligny
53%
(92) Meudon
53%
(92) Sèvres-Rive-Gauche
53%
Hauts-de-Seine (92) Vanves - Malakoff
53%
Eure (27) Verneuil-sur-Avre
53%
Hauts-de-Seine (92) Chaville-Rive-Gauche
47%
(78) Plaisir - Grignon
47%
(78) Plaisir - Les Clayes
47%
(61) Surdon
47%
(92) Bellevue
41%
Eure-et-Loire (28) Houdan
41%
(78) Villepreux - Les Clayes
41%
(78) Villiers - Neauphle - Pontchartrain
41%
(78) Montfort-l'Amaury - Méré
35%
(78) Fontenay-le-Fleury
35%
(78) Orgerus - Béhoust
35%
Yvelines (78) Tacoignières - Richebourg
35%
Yvelines (78) Viroflay-Rive-Gauche
35%
(61) Briouze
29%
(28) Marchezais - Broué
29%
Eure (27) Nonancourt
29%
(61) Sainte Gauburge
29%
(78) Garancières - La Queue
24%
Aucun quiz correspondant
Distribution des résultats
% des personnes avec chaque résultat
Percentile par nombre de réponses
Votre historique - résultats
Vous n’avez pas pris ce quiz depuis la dernière actualisation